ՀՀ Գիտությունների ազգային ակադեմիայի հիմնարար գիտական գրադարան  =   Fundamental Scientific Library of NAS RA

Геология и полезные ископаемые Смоленской области / (Record no. 487590)

MARC details
000 -LEADER
fixed length control field 00936nam-a2200217-a-4500
001 - CONTROL NUMBER
control field YSU0062570
003 - CONTROL NUMBER IDENTIFIER
control field AM-YeHGA
005 - DATE AND TIME OF LATEST TRANSACTION
control field 20250617162329.0
008 - FIXED-LENGTH DATA ELEMENTS--GENERAL INFORMATION
fixed length control field 990504s1955 xxu 000 0 rus u
040 ## - CATALOGING SOURCE
Original cataloging agency AM-YeHGA
041 0# - LANGUAGE CODE
Language code of text/sound track or separate title rus
090 ## - LOCALLY ASSIGNED LC-TYPE CALL NUMBER (OCLC); LOCAL CALL NUMBER (RLIN)
-- 490959
100 1# - MAIN ENTRY--PERSONAL NAME
Personal name Погуляев, Даниил Иванович
245 10 - TITLE STATEMENT
Title Геология и полезные ископаемые Смоленской области /
Statement of responsibility, etc. Д.И. Погуляев ; Смоленский краеведчексий научно-исследовательский ин-т
260 0# - PUBLICATION, DISTRIBUTION, ETC.
Place of publication, distribution, etc. Смоленск :
Name of publisher, distributor, etc. Смоленское кн. изд. ,
Date of publication, distribution, etc. 1955.
300 ## - PHYSICAL DESCRIPTION
Extent том
505 10 - FORMATTED CONTENTS NOTE
Miscellaneous information Т. 1 ( 1955, 248 с., 13 л. карт.)
-- Т. 2 (1955, 319 с. , 8 л. карт.)
650 #4 - SUBJECT ADDED ENTRY--TOPICAL TERM
Topical term or geographic name entry element Геология
710 2# - ADDED ENTRY--CORPORATE NAME
Corporate name or jurisdiction name as entry element Смоленский краеведческий научно-исследовательский ин-т
942 ## - ADDED ENTRY ELEMENTS (KOHA)
Source of classification or shelving scheme Universal Decimal Classification
Koha item type Գրքեր / Books
Holdings
Withdrawn status Lost status Source of classification or shelving scheme Damaged status Not for loan Collection Home library Current library Date acquired Serial enumeration / chronology Total checkouts Full call number Barcode Date last seen Price effective from Koha item type Public note
    Universal Decimal Classification     General Fundamental Scientific Library Fundamental Scientific Library 13/02/2019 Т. 1   РД II/40423 FL0548337 13/02/2019 13/02/2019 Գրքեր / Books 30 Days Loan
    Universal Decimal Classification     General Fundamental Scientific Library Fundamental Scientific Library 14/02/2019 Т. 2   РД II/40462 FL0551831 14/02/2019 14/02/2019 Գրքեր / Books 30 Days Loan


ՀՀ ԳԱԱ հիմնարար գիտական գրադարան
ՀՀ,Երևան 0019
Մարշալ Բաղրամյան 24/6
հեռախոս:(374-10) 52-47-50
Հետադարձ կապ

All site content, except where otherwise noted, is licensed under a
Creative Commons License